Balkan Songs - Statistics

General Stats
  • This quiz has been taken 258 times
  • The average score is 18 of 50
Answer Stats
Hint Answer % Correct
mc stojan #2 la miami
83%
milica todorovic #10 tri case
65%
severina ministarke #4 uno momento
63%
teodora devito #11 vudu
63%
maya berovic buba coreli #3 pravo vreme
61%
milica todorovic #1 moje zlato
54%
senidah raf camora #25 100%
50%
jala brat buba coreli senidah #8 kamikaza
46%
senidah #30 misici
46%
elitni oredi #38 ne koci
45%
sasa kovacevic #43 temperatura
45%
severina jala brat #12 otrove
44%
relja coby stoja #37 samo jako
44%
sasa kovacevic #23 slucajno
43%
rasta ana nikolic #35 slucajno
43%
mile kitic #6 kilo dole kilo gore
42%
jala brat buba coreli #i9 klinka
42%
buba coreli #7 balenciaga
41%
stoja #15 bela ciganka
41%
anastasija #19 rane
41%
dj mladja elitni oredi nikolija #36 alkohola litar
40%
mc stojan hurricane #27 tuturutu
40%
hurricane #17 favorito
39%
mili #29 grmi
39%
sasa matic aleksandra prijovic #18 ko si ti
38%
rasta #44 kavali
37%
emina milica todorovic #22 limunada
37%
THCF coby #20 krvavi balkan
36%
rasta #16 euforija
34%
nedeljko bajic baja #28 snovi od stakla
33%
maya berovic jala brat buba coreli #34 to me radi
33%
teodora #45 tresi tresi
33%
jala brat buba coreli raf camora #41 zove vienna
33%
milan stankovic jala brat buba coreli #21 ego
32%
jala brat buba coreli raf camora #40 nema bolje
30%
jala brat #39 99
29%
ceca #26 trepni
25%
pedja medenica #13 dodjes mi u san
24%
zeljko joksimovic #48 milimetar
24%
anastasija #49 savrsen par
20%
magla bend #33 samo se nocas pojavi
18%
jala brat #24 mlada i luda
17%
aleksandra prijovic #32 za nas kasno je
15%
milica pavlovic #31 mogla sam
14%
pedja medenica #46 cisto da znas
9%
maya berovic #42 broj
8%
amar jasarspahic #47 imam ljubav ali kome da je dam
7%
jala brat buba coreli #50 bebi
6%
tijana em #14 zena od zultana
3%
jala brat buba coreli coby #5 ona´e
1%
No matching quizzes found
Score Distribution
Percent of People with Each Score
Percentile by Number Answered
Your Score History
You have not taken this quiz